000 00301nam a2200121Ia 4500
008 151213s9999 xx 000 0 und d
245 _aDoing More With SAS Assist Software
260 _aCary N. C.
_bSAS Institute
_c1994
300 _a3135 p.
650 _aComputer
650 _aComputer
999 _c2160
_d2160